=LDR 00000nam 2200000 4500 =001 INLIS000000000023519 =005 20230510122920 =035 ##$$a 0010-061300000023519 =008 230510###########################0#ind## =041 ##$$a ind =082 ##$$a 355.2 =090 ##$$a 355.02, SHA n =100 ##$$a Sharma, Ashok K =245 1#$$a Nostradamus : $b Tanda-Tanda Perang dan Bencana Alam di Abad 21 /$c Ashok K. Sharma =260 ##$$a Jakarta :$b Delphi Publisher,$c 2005 =300 ##$$a xxxviii, 465 hlm. ; $c 21 cm =650 #4$$a Bencana Alam =850 ##$$a NBPNMAT =020 ##$$a 979-7564-50-9 =084 ##$$a 355.2 SHA n =990 ##$$a 30701500 =990 ##$$a 01201712809 =990 ##$$a 30701501